|
|
|
|
| LEADER |
00000nam0a2200000 4500 |
| 001 |
151469 |
| 005 |
20231031150730.0 |
| 010 |
|
|
|a 5855000613
|
| 020 |
|
|
|a RU
|b 89-47174
|
| 035 |
|
|
|a (RuTPU)RU\TPU\book\164235
|
| 090 |
|
|
|a 151469
|
| 100 |
|
|
|a 20090123d1989 m y0rusy5003 ca
|
| 101 |
0 |
|
|a rus
|
| 102 |
|
|
|a RU
|
| 105 |
|
|
|a a z 010ab
|
| 200 |
1 |
|
|a Голос и эхо
|e Книга о классике литовской и мировой литературы К. Донелайтисе к 275-летию со дня рождения поэта
|f Е. Л. Цейтлин
|g худож. И. Исаев
|
| 210 |
|
|
|a Калининград
|c Калининградское книжное изд-во
|d 1989
|
| 215 |
|
|
|a 255 с.
|c ил.
|d 20 см
|
| 300 |
|
|
|a Часть текста парал.: рус., литов.
|
| 600 |
|
1 |
|a Донелайтис
|b Кристионас
|
| 610 |
1 |
|
|a Литовская поэзия
|
| 610 |
1 |
|
|a 18 век
|
| 610 |
1 |
|
|a биографическая проза
|
| 675 |
|
|
|a 888.2
|z rus
|
| 700 |
|
1 |
|a Цейтлин
|b Е. Л.
|g Евсей Львович
|4 070
|
| 702 |
|
1 |
|a Исаев
|b И.
|4 440
|
| 801 |
|
0 |
|a RU
|b RuMRKP
|c 19950417
|g psbo
|
| 801 |
|
1 |
|a RU
|b 63413507
|c 20090123
|g PSBO
|
| 801 |
|
2 |
|a RU
|b 63413507
|c 20090123
|g PSBO
|
| 942 |
|
|
|c BK
|